Land Ownership - Changing Concepts : (Record no. 379)

MARC details
000 -LEADER
fixed length control field 00594nam a22001697a 4500
005 - DATE AND TIME OF INPUT
control field 20231107131256.0
008 - DATA ELEMENTS--GENERAL INFORMATION
fixed length control field 231107b |||||||| |||| 00| 0 eng d
020 ## - INTERNATIONAL STANDARD BOOK NUMBER
International Standard Book Number 0702116750
041 ## - LANGUAGE CODE
Language code of text English
082 ## - SHELF NUMBER
DDC number 346.43 LAN
100 ## - MAIN AUTHOR
Language of a work English
245 ## - TITLE STATEMENT
Title Land Ownership - Changing Concepts :
Sub-title being a series of articles by a team of authors first published in ACTA JURIDICA 1985 /
Statement of responsibility, etc. TW Bennett et al.
260 ## - PUBLICATION, DISTRIBUTION, ETC.
Place of publication, distribution, etc. Cape Town :
Name of publisher, distributor, etc. Juta and Company Ltd,
Date of publication, distribution, etc. 1986
300 ## - PHYSICAL DESCRIPTION
Other physical details xi, 368 pages ;
Dimensions 24 cm.
650 ## - SUBJECT`
Broad subject Legal practice
Own subject terms Law
942 ## - ADDED ENTRY ELEMENTS (KOHA)
Item type Books
942 ## - ADDED ENTRY ELEMENTS (KOHA)
-- ALISON_BN_VRIES
Holdings
Source of classification or shelving scheme Not for loan Collection code Home library Current library Shelving location Date acquired Full call number Barcode Price effective from Koha item type
Dewey Decimal Classification   TEXT BOOKS LAW SOCIETY OF NAMIBIA LIBRARY - WINDHOEK LAW SOCIETY OF NAMIBIA LIBRARY - WINDHOEK Property law 11/07/2023 346.43 LAN LSN/1986/8 11/07/2023 Books